More Author Riddles Quiz Stats

 Plays Quiz Updated May 15, 2015

Also try: Author Riddles
Challenge
Share
Tweet
Embed
Score 0/14 Timer 06:00
0 Plays Today
Riddle Answer % Correct
What did Harper Lee teach her son to do to stop the annoying chirping outside her window each morning?To Kill a Mockingbird
94.2%
What does Joseph Heller do when 22 baseballs are thrown at him?Catch-22
93%
Where did Thomas Hulce, Stephen Furst, and John Belushi stay during their Spring Break countryside visit with George Orwell?Animal Farm
84.6%
Which of Edgar Allan Poe's body organs is terrible at keeping secrets?The Tell-Tale Heart
76.2%
After eleven straight days of dealing with his crying newborn baby, when did William Shakespeare finally get some sleep?Twelfth Night
73.5%
What 'Law and Order' spin-off pilot did Fyodor Dostoevsky propose to NBC?Crime and Punishment
73.4%
What did Jack London hear when Lindsay Lohan, Snooki, and Charlie Sheen screamed at him?The Call of the Wild
70.4%
Riddle Answer % Correct
Which of Anthony Burgess' fruits always sticks to its daily routine?A Clockwork Orange
55.6%
How does Maurice Sendak refer to the Kardashian house?Where the Wild Things Are
51.8%
What two things disturbed Ernest Hemingway the most when he went to a polluted nude beach?The Old Man and the Sea
49.2%
Where do Kurt Vonnegut's kittens sleep?Cat's Cradle
46.2%
What did Gabriel Garcia Marquez's wife give him when she found out he cheated on her?One Hundred Years of Solitude
44.2%
What did Khaled Hosseini see in three years' worth of mornings?A Thousand Splendid Suns
27.1%
What did Charles Dickens create when he papier-mâchéd his daily newspaper?Hard Times
11.7%

You're not logged in!

Compare scores with friends on all Sporcle quizzes.
Join for Free
OR
Log In

You Might Also Like...

Show Comments

Extras

Top Quizzes Today


Score Distribution

Your Account Isn't Verified!

In order to create a playlist on Sporcle, you need to verify the email address you used during registration. Go to your Sporcle Settings to finish the process.

Report this User

Report this user for behavior that violates our Community Guidelines.

Details: